00277nam a2200085Ia 4500008004100000041000800041100001900049245007400068260004900142241105s9999 xx 000 0 und d aeng aShitole Monika aReiforcing The Man and Nature Interface:Biodiversity Park at Baramati bBNCA M Arch Digital Architecture, Punec2021